Les pierres précieuses - Statistiques

Statistiques générales
  • Ce quiz a été pris 61 fois
  • Le résultat moyen est 11 sur 97
Statistiques - réponses
Réponse % Correct
Diamant, Diamant noir
90%
Émeraude
90%
Rubis
85%
Saphir
79%
Améthyste
65%
Quartz (chlorite, citron, crack, fantôme, fumé, hématoide, fuschite, girasol, tourmaliné, neige, laiteux, lodolite, rose, rutile, vert, super seven)
60%
Jade
58%
Lapis-lazuli
54%
Topaze (impériale)
50%
Ambre
42%
Opale (blanche, bleue, boulder, de feu, dentrite, jaune, noble, noire, rose, verte, welo)
42%
Grenat (brun, grossulaire, rhodolite, noir, rouge almandin, vert grossulaire)
31%
Aigue-Marine
27%
Onyx
25%
Agate (arbre, bandée, blanche, Botswana, crazy lace, de feu, dentrite, de cerisier, grise, indienne, mousse, oeil, turitel)
23%
Citrine (chauffée, naturelle)
23%
Obsidienne
23%
Cristal (de roche, diamant)
21%
Pierre (de lave, de lune, de soleil)
21%
Azurite / Malachite
19%
Turquoise
19%
Labradorite
17%
Malachite
17%
Pyrite
15%
Tourmaline (brune, jaune, mutlicolore, noire, oeil de chat, polychrome, rose, verte)
13%
Péridot
10%
Cornaline
8%
Hematite
8%
Amazonite
6%
Aventurine (bleue, jaune, orange, pêche, rose, rouge, verte)
6%
Calcédoine (bleue, dentritique, rose, verte)
6%
Cobalt ocalcite
6%
Fluorine
6%
Nacre
6%
Rhodonite
6%
Tanzanite
6%
Alexandrite
4%
Amétrine
4%
Aragonite
4%
Rhodochrosite
4%
Serpentine
4%
Apatite (bleue, jaune, verte)
2%
Chrysocolle
2%
Fuschite
2%
Howlite
2%
Iolite / Cordiérite
2%
Jais
2%
Kunzite
2%
Lépidolite
2%
Spinelle
2%
Ammolite
0%
Angélite
0%
Barytine
0%
Béryls
0%
Charoite
0%
Chrysoprase, Chrysoprase citron
0%
Corail fossile
0%
Cyanite (bleue, noire, verte)
0%
Diopside
0%
Dioptase
0%
Dumortiérite
0%
Epidote
0%
Eudialyte
0%
Héliodore
0%
Héliotrope
0%
Hémimorphite
0%
Jaspe (bleu, breschia, brun, bumble bee, dalmatien, feuille d'argent, k2, kimbaba, kiwi, léopard, mokaite, océan, paysage, peau de serpent, polychrome, rouge, sang de dragon, zèbre)
0%
Larimar
0%
Magnésite
0%
Moldavite
0%
Morganite
0%
Péristérite
0%
Phosphosiderite
0%
Piétersite
0%
Pinolite
0%
Prasiolite
0%
Prehnite
0%
Purpurite
0%
Rhyolite
0%
Sardonyx
0%
Scolecite
0%
Sélénite
0%
Septaria
0%
Séraphinite
0%
Shattuckite
0%
Shungite
0%
Siderite
0%
Sodalite
0%
Stichtite
0%
Sugilite
0%
Thulite
0%
Tiffany stone
0%
Unakite
0%
Variscite
0%
Vésuvianite
0%
Yooperlite
0%
Zoisite
0%
Aucun quiz correspondant
Distribution des résultats
% des personnes avec chaque résultat
Percentile par nombre de réponses
Votre historique - résultats
Vous n’avez pas pris ce quiz